| 000 | 00761nam a2200217 4500 | ||
|---|---|---|---|
| 005 | 20251016141024.0 | ||
| 008 | 251016b |||||||| |||| 00| 0 eng d | ||
| 020 | _a9781984695314 | ||
| 082 | _aDC 361.3 W930 2025 | ||
| 100 |
_aWright, Rose. _968885 |
||
| 245 |
_aCommunity development and disaster risk management / _cRose Wright and 3G E-Learning. |
||
| 260 |
_aUnited States of America : _b3G E-Learning, _c©2025. |
||
| 300 |
_axviii, 284 pages : _bcolor illustrations ; _c25 cm. |
||
| 500 | _aIncludes references and index. | ||
| 650 | 0 |
_aEnvironmental management. _968887 |
|
| 650 | 0 |
_aEnvironmental sociology. _968888 |
|
| 650 | 0 |
_aNatural disasters. _968889 |
|
| 650 | 0 |
_aSocial service. _968890 |
|
| 710 |
_a3G E-Learning. _968891 |
||
| 942 |
_2ddc _cDC |
||
| 999 |
_c24074 _d24074 |
||